Statistics for Minecraft Biomes on a Map

Click here to take the quiz!

General Stats

  • This quiz has been taken 1,252 times
    (526 since last reset)
  • The average score is 9 of 10

Answers on the Map

Answers color-coded by a green-red scale on the quiz's map according to % correct below.
Loading ...
 

Answer Stats

Biome% Correct
Desert
98%
Ice Spikes
94%
Nether Wastes
93%
Ocean
93%
The End
91%
Plains
87%
Mountains
84%
Forest
83%
Badlands
74%
Dark Forest
55%

Score Distribution

Percentile by Number Answered

Percent of People with Each Score

Your Score History

You have not taken this quiz since the last reset